[Event "ChFraOpenB2011"]
[Site "Caen"]
[Date "2011.08.16"]
[Round "1.1"]
[White "Verges, Brice"]
[Black "Heuveline, Gregory"]
[Result "0-1"]
[WhiteElo "1870"]
[BlackElo "2004"]
[PlyCount "51"]

1. e4 e5 2. Nf3 Nc6 3. Bc4 Bc5 4. c3 d6 5. d3 Nf6 6. h3 O-O 7. O-O Be6 8. Bb5
a6 9. Ba4 b5 10. Bc2 Bb6 11. d4 exd4 12. Nxd4 Bd7 13. Be3 Ne5 14. Nd2 Re8 15.
a4 Qc8 16. f4 Ng6 17. Qf3 c5 18. Ne2 Bc6 19. f5 Ne5 20. Qg3 Kh8 21. Nf4 Qb7 22.
Rae1 Ned7 23. Nd5 Nxd5 24. exd5 Bxd5 25. Nf3 Ne5 26. Nh4 0-1

[Event "ChFraOpenB2011"]
[Site "Caen"]
[Date "2011.08.16"]
[Round "1.2"]
[White "Vigneron, Quentin"]
[Black "Abdesselem, Ahmed"]
[Result "1-0"]
[WhiteElo "1994"]
[BlackElo "1868"]
[PlyCount "67"]

1. e4 c5 2. Nf3 Nc6 3. d4 cxd4 4. Nxd4 g6 5. Nc3 Bg7 6. Be3 Nf6 7. Bc4 O-O 8.
Bb3 d6 9. h3 Bd7 10. O-O Rc8 11. Nf3 Qa5 12. Re1 Qh5 13. Nd4 a6 14. Nd5 Rfe8
15. Nxf6+ Bxf6 16. Qxh5 gxh5 17. Rad1 Kg7 18. c3 Rg8 19. Nxc6 Bxc6 20. Bd4 h4
21. Bxf6+ Kxf6 22. Rd3 e6 23. Rxd6 Ke5 24. Rd4 Rg7 25. Re2 Rcg8 26. f3 Rg3 27.
Kh2 Bb5 28. Bc4 Bc6 29. Bb3 Bb5 30. Rf2 Bf1 31. Rxf1 Rxg2+ 32. Kh1 R2g3 33. f4+
Kf6 34. Rd2 1-0

[Event "ChFraOpenB2011"]
[Site "Caen"]
[Date "2011.08.16"]
[Round "1.3"]
[White "Mouahid, Naim"]
[Black "Elice, Florent"]
[Result "0-1"]
[WhiteElo "1868"]
[BlackElo "1991"]
[PlyCount "92"]

1. e4 d6 2. d4 Nf6 3. Nc3 c6 4. f3 e5 5. dxe5 dxe5 6. Qxd8+ Kxd8 7. Bg5 Be6 8.
Bxf6+ gxf6 9. O-O-O+ Kc7 10. Bd3 Nd7 11. Kb1 h5 12. Nge2 Bd6 13. h3 h4 14. g4
hxg3 15. Nxg3 Rxh3 16. Rxh3 Bxh3 17. Rh1 Bg2 18. Rh7 Bxf3 19. Rxf7 Rg8 20. Nce2
b5 21. a3 Bg4 22. Rh7 Be6 23. Nh5 Rg6 24. Neg3 Kb6 25. b4 c5 26. Nf5 Bf8 27.
Ne7 Rg1+ 28. Kb2 cxb4 29. axb4 a6 30. Nd5+ Kc6 31. Ndxf6 Nxf6 32. Nxf6 Bxb4 33.
Ne8 Rg6 34. Rg7 Rxg7 35. Nxg7 Bf7 36. Nf5 a5 37. c3 Bf8 38. Ne3 Be6 39. Nc2 Kc5
40. Na3 b4 41. cxb4+ axb4 42. Nc2 Bc4 43. Nxb4 Kxb4 44. Bb1 Kb5 45. Bc2 Kb4 46.
Bd1 Kc5 0-1

[Event "ChFraOpenB2011"]
[Site "Caen"]
[Date "2011.08.16"]
[Round "1.4"]
[White "Cleran, Anthony"]
[Black "Masera, Michel"]
[Result "1-0"]
[WhiteElo "1983"]
[BlackElo "1865"]
[PlyCount "57"]

1. e4 c5 2. Nc3 Nc6 3. f4 g6 4. Nf3 Bg7 5. Bb5 Nd4 6. Nxd4 cxd4 7. Ne2 Qb6 8.
Ba4 e6 9. Bb3 Ne7 10. d3 O-O 11. O-O d5 12. e5 h5 13. Qe1 Bd7 14. Qf2 Nf5 15.
h3 h4 16. g4 hxg3 17. Nxg3 Nxg3 18. Qxg3 a5 19. a3 a4 20. Ba2 Qc5 21. Rf2 Rfc8
22. Bd2 b5 23. Bb4 Qa7 24. h4 Kh7 25. h5 Be8 26. hxg6+ fxg6 27. Qh3+ Kg8 28.
Qxe6+ Qf7 29. Bxd5 1-0

[Event "ChFraOpenB2011"]
[Site "Caen"]
[Date "2011.08.16"]
[Round "1.5"]
[White "Fischer, Julie"]
[Black "Sally, Paul-Adrien"]
[Result "0-1"]
[WhiteElo "1863"]
[BlackElo "1979"]
[PlyCount "104"]

1. e4 c6 2. Nc3 d5 3. Nf3 dxe4 4. Nxe4 Nd7 5. Bc4 e6 6. Qe2 Ngf6 7. Neg5 Nd5 8.
d3 Be7 9. O-O O-O 10. Re1 N7f6 11. Ne4 Qc7 12. Nxf6+ Bxf6 13. Ne5 b6 14. Bb3
Bb7 15. c4 Bxe5 16. Qxe5 Qxe5 17. Rxe5 Nb4 18. Bd2 Nxd3 19. Re3 Rad8 20. Bc3 c5
21. g3 Nb4 22. Bxb4 cxb4 23. Bc2 Rd2 24. Rc1 Rfd8 25. Kf1 R8d4 26. Ke1 Kf8 27.
Re2 Rxe2+ 28. Kxe2 Rxc4 29. b3 Rc5 30. Kd2 Ke7 31. Bd3 Rxc1 32. Kxc1 e5 33. Kd2
Ke6 34. Ke3 Bd5 35. Ba6 Kd6 36. Bd3 h6 37. Ba6 Kc5 38. Bd3 a5 39. Bf5 b5 40.
Bd3 a4 41. Bc2 a3 42. Bb1 Kd6 43. Bc2 Ke6 44. Bb1 f5 45. Bc2 g5 46. Bb1 f4+ 47.
Ke2 e4 48. g4 Ke5 49. h3 Kd4 50. Kd2 e3+ 51. fxe3+ fxe3+ 52. Ke2 Be4 0-1

[Event "ChFraOpenB2011"]
[Site "Caen"]
[Date "2011.08.16"]
[Round "1.6"]
[White "Masset, Jacques"]
[Black "Lambert, Thierry"]
[Result "1/2-1/2"]
[WhiteElo "1978"]
[BlackElo "1863"]
[PlyCount "82"]

1. d4 d5 2. c4 e6 3. Nc3 c6 4. cxd5 exd5 5. Nf3 Bf5 6. e3 Nf6 7. Bd3 Bxd3 8.
Qxd3 Bd6 9. O-O O-O 10. e4 dxe4 11. Nxe4 Nxe4 12. Qxe4 Re8 13. Qd3 Nd7 14. Bg5
Qc7 15. Rfe1 Nb6 16. Re4 Rxe4 17. Qxe4 Nd5 18. Re1 Rf8 19. Bh4 f6 20. Bg3 Bxg3
21. hxg3 Qd7 22. Nd2 Rf7 23. Nb3 Re7 24. Qb1 Rxe1+ 25. Qxe1 b6 26. Kh2 Kf7 27.
Qe4 g6 28. Qh4 Kg7 29. Qe4 Qe7 30. Qc2 Qe6 31. a3 Kf7 32. Nc1 Kg7 33. Ne2 Kf7
34. Qd2 Kg7 35. Nf4 Qd6 36. Nd3 Qe6 37. Nf4 Qf5 38. Nxd5 Qxd5 39. Qe3 Qh5+ 40.
Kg1 Qd1+ 41. Kh2 Qh5+ 1/2-1/2

[Event "ChFraOpenB2011"]
[Site "Caen"]
[Date "2011.08.16"]
[Round "1.7"]
[White "Fuhrmann, Valentin"]
[Black "Kozlowski, Thierry"]
[Result "0-1"]
[WhiteElo "1860"]
[BlackElo "1975"]
[PlyCount "90"]

1. d4 d6 2. c4 Nf6 3. Nc3 Bf5 4. Nf3 Nbd7 5. g3 e5 6. Bg2 c6 7. Nh4 Bg6 8. Nxg6
hxg6 9. d5 c5 10. O-O Be7 11. a3 Nh5 12. Bd2 a6 13. Rc1 f5 14. e4 f4 15. Ne2 g5
16. b4 Qc7 17. Qa4 O-O 18. Bh3 Rad8 19. b5 f3 20. Nc3 Ndf6 21. Rfe1 g4 22. Bf1
Ra8 23. Ra1 Nh7 24. Reb1 Bg5 25. Be1 g6 26. Qb3 Rf7 27. a4 Raf8 28. Rb2 N5f6
29. Rab1 Bh6 30. bxa6 bxa6 31. Qb6 Qe7 32. Qxa6 Ng5 33. Bd3 Nh3+ 34. Kf1 Rd8
35. Rb6 Bf8 36. a5 Nd7 37. Rb7 Rh7 38. Qc6 Nf4 39. gxf4 Rxh2 40. Ne2 Qh7 41.
Ng1 Rh1 42. Bb4 Qh2 43. Ke1 Rxg1+ 44. Kd2 Qxf2+ 45. Kc3 cxb4+ 0-1

[Event "ChFraOpenB2011"]
[Site "Caen"]
[Date "2011.08.16"]
[Round "1.8"]
[White "Houlgate, Anthony"]
[Black "Froment, Theophile"]
[Result "1/2-1/2"]
[WhiteElo "1969"]
[BlackElo "1859"]
[PlyCount "92"]

1. e4 e6 2. d4 d5 3. Nd2 a6 4. Ngf3 Nf6 5. Bd3 c5 6. c3 Nc6 7. O-O dxe4 8. Nxe4
cxd4 9. cxd4 Be7 10. Nxf6+ Bxf6 11. Be3 O-O 12. Rc1 g6 13. Be4 Bd7 14. b3 Bg7
15. Qd2 Re8 16. d5 exd5 17. Bxd5 Rc8 18. Ng5 Be6 19. Nxe6 fxe6 20. Bxc6 Qxd2
21. Bxd2 Rxc6 22. Rxc6 bxc6 23. Ba5 Bd4 24. Rd1 e5 25. Kf1 Rf8 26. f3 Kf7 27.
Rc1 Rc8 28. Ke2 Ke6 29. Kd3 Kd5 30. Bc3 Re8 31. Re1 c5 32. Bd2 Re6 33. Re4 Re7
34. Rh4 Rf7 35. Re4 Re7 36. Bg5 Rf7 37. Bh4 Rf4 38. Bg3 Rxe4 39. fxe4+ Kd6 40.
Kc4 Bb2 41. Be1 Kc6 42. Bc3 Bxc3 43. Kxc3 g5 44. g4 h6 45. Kc4 Kd6 46. a3 Kc6
1/2-1/2

[Event "ChFraOpenB2011"]
[Site "Caen"]
[Date "2011.08.16"]
[Round "1.9"]
[White "Veys, Vincent"]
[Black "Humeau, Mickael"]
[Result "1-0"]
[WhiteElo "1859"]
[BlackElo "1969"]
[PlyCount "91"]

1. e4 c5 2. Nf3 Nc6 3. Bb5 e6 4. c3 d5 5. d3 Nge7 6. e5 Qb6 7. Ba4 Bd7 8. d4
Nf5 9. Bc2 Rc8 10. Be3 Nxe3 11. fxe3 Qxb2 12. Nbd2 Qxc3 13. O-O cxd4 14. exd4
Nxd4 15. Ba4 b5 16. Bb3 Bc5 17. Kh1 Nf5 18. Rc1 Qe3 19. Re1 Qh6 20. Nf1 O-O 21.
Bc2 g6 22. Bxf5 gxf5 23. Rb1 Bb6 24. Rb3 Rc4 25. Ng1 Bf2 26. Re2 Rc1 27. Qd3
Qf4 28. Rc2 Rxc2 29. Qxc2 Rc8 30. Qe2 Bxg1 31. Kxg1 Rc1 32. Rf3 Qd4+ 33. Kh1
Qd1 34. Qf2 b4 35. h3 Qa4 36. Rg3+ Kf8 37. Qf4 Rxf1+ 38. Qxf1 Ke7 39. Qc1 Be8
40. Qc5+ Kd8 41. Rg8 Qa6 42. Qxb4 Kd7 43. Kh2 Qb6 44. Qa4+ Kc7 45. Rxe8 Qe3 46.
Re7+ 1-0

[Event "ChFraOpenB2011"]
[Site "Caen"]
[Date "2011.08.16"]
[Round "1.10"]
[White "Renaux, Osmin"]
[Black "Chancerel, Dominique"]
[Result "1-0"]
[WhiteElo "1964"]
[BlackElo "1858"]
[PlyCount "83"]

1. d4 Nf6 2. c4 e6 3. Nf3 b6 4. e3 Bb7 5. Nbd2 Be7 6. Bd3 O-O 7. O-O c5 8. b3
d5 9. Bb2 Nbd7 10. Qe2 Ne4 11. cxd5 exd5 12. Rad1 Bd6 13. Ne5 cxd4 14. exd4
Ndf6 15. f3 Nxd2 16. Qxd2 Rc8 17. Qg5 Rc7 18. Qh4 h6 19. g4 Nd7 20. Qh5 Nxe5
21. dxe5 Bc5+ 22. Kh1 Qg5 23. Qxg5 hxg5 24. Rc1 Rcc8 25. Bf5 Rcd8 26. a3 a5 27.
b4 axb4 28. axb4 Bxb4 29. Rc7 Bc8 30. e6 Bxe6 31. Bxe6 fxe6 32. Rxg7+ Kh8 33.
Rxg5+ Kh7 34. f4 Rg8 35. Rh5+ Kg6 36. f5+ exf5 37. Rfxf5 d4 38. Rhg5+ Kh7 39.
Rh5+ Kg6 40. Bc1 Bc5 41. Rhg5+ Kh7 42. Rf7+ 1-0

[Event "ChFraOpenB2011"]
[Site "Caen"]
[Date "2011.08.17"]
[Round "2.1"]
[White "Lycaon, Xavier"]
[Black "Vigneron, Quentin"]
[Result "1-0"]
[WhiteElo "1889"]
[BlackElo "1994"]
[PlyCount "119"]

1. e4 c5 2. Nf3 e6 3. c3 d5 4. exd5 Qxd5 5. d4 cxd4 6. cxd4 Nc6 7. Nc3 Qd6 8.
Be2 Nf6 9. O-O Be7 10. Re1 O-O 11. g3 b6 12. Bf4 Qd8 13. Qa4 Bb7 14. Rad1 Nd5
15. Bd2 a6 16. Nxd5 Qxd5 17. Qc4 Qxc4 18. Bxc4 Nb4 19. Bxb4 Bxb4 20. Re3 Rfd8
21. Bd3 Rac8 22. Be4 Bxe4 23. Rxe4 Rc2 24. a3 Be7 25. Rb1 Bf6 26. Kf1 Rd5 27.
h4 h6 28. b3 b5 29. Rd1 Ra2 30. a4 bxa4 31. bxa4 Rxa4 32. Rc1 Ra3 33. Kg2 a5
34. Rc2 Kh7 35. Rc7 Kg8 36. Ra7 a4 37. Ne5 Ra1 38. Nxf7 Bxd4 39. Rb7 Rf5 40.
Nxh6+ gxh6 41. Rxd4 Ra2 42. Rd8+ Rf8 43. Rxf8+ Kxf8 44. Rh7 a3 45. Rxh6 Re2 46.
Rh7 a2 47. Ra7 e5 48. Kf3 Rb2 49. h5 Kg8 50. g4 Rb3+ 51. Kg2 Rb2 52. g5 e4 53.
Kg3 Rb3+ 54. Kg4 Rb2 55. Kf5 Rb5+ 56. Kf4 Rb2 57. Kxe4 Rxf2 58. h6 Kh8 59. g6
Rf6 60. g7+ 1-0

[Event "ChFraOpenB2011"]
[Site "Caen"]
[Date "2011.08.17"]
[Round "2.2"]
[White "Elice, Florent"]
[Black "Belardello, Mario-Jovani"]
[Result "1-0"]
[WhiteElo "1991"]
[BlackElo "1877"]
[PlyCount "95"]

1. e4 c6 2. d4 d5 3. Nc3 dxe4 4. Nxe4 Bf5 5. Ng3 Bg6 6. h4 h6 7. h5 Bh7 8. Nf3
Nd7 9. Bd3 Bxd3 10. Qxd3 e6 11. Be3 Qa5+ 12. c3 Ngf6 13. b4 Qc7 14. Ne2 Bd6 15.
g3 Rd8 16. Kf1 O-O 17. Kg2 Rfe8 18. Rh4 e5 19. Qf5 exd4 20. Nexd4 Qc8 21. Qa5
Bb8 22. Nf5 b6 23. Qa4 Ne5 24. N5d4 Nxf3 25. Nxf3 Nd5 26. Bd2 b5 27. Qb3 Nb6
28. Be3 Nc4 29. Bd4 Qf5 30. a4 Qxf3+ 31. Kxf3 Nd2+ 32. Kg2 Nxb3 33. Ra3 Nxd4
34. cxd4 Re2 35. axb5 cxb5 36. Rc3 Bd6 37. Ra3 Rd7 38. Ra5 Rb7 39. d5 Bxb4 40.
Rxb4 Re5 41. Rbxb5 Rxb5 42. Rxb5 Rxh5 43. f4 Rf5 44. Kf3 g6 45. Ke4 h5 46. Rb8+
Kg7 47. d6 Rf6 48. d7 1-0

[Event "ChFraOpenB2011"]
[Site "Caen"]
[Date "2011.08.17"]
[Round "2.3"]
[White "Aubry, Fabien"]
[Black "Cleran, Anthony"]
[Result "1-0"]
[WhiteElo "1882"]
[BlackElo "1983"]
[PlyCount "95"]

1. d4 d5 2. c4 e5 3. dxe5 d4 4. Nf3 Nc6 5. g3 Nge7 6. Bg2 Ng6 7. O-O Ngxe5 8.
Nxe5 Nxe5 9. Nd2 Be7 10. b4 O-O 11. a3 a5 12. b5 c6 13. a4 Bg4 14. h3 Be6 15.
Bb2 Qd7 16. Kh2 Rfd8 17. Rc1 Bb4 18. Nf3 Nxc4 19. bxc6 bxc6 20. Bxd4 c5 21. Ba1
Qe8 22. Qc2 Nb6 23. Ng5 f5 24. Nxe6 Qxe6 25. Bxa8 Rxa8 26. Rfd1 Re8 27. e3 Rf8
28. Rd3 Qe8 29. Rcd1 c4 30. Rd8 Qe6 31. Rxf8+ Kxf8 32. Rd8+ Ke7 33. Rd4 g6 34.
Rd1 Qc6 35. Rd4 Qxa4 36. Qxa4 Nxa4 37. Rxc4 Kd6 38. Rh4 h5 39. Rd4+ Kc6 40. Rd8
Nc5 41. Rg8 Nb3 42. Rxg6+ Kd5 43. Bb2 a4 44. Rg5 Ke4 45. Rxh5 Bd6 46. Rh4+ Kf3
47. Kg1 Nc5 48. Ba3 1-0

[Event "ChFraOpenB2011"]
[Site "Caen"]
[Date "2011.08.17"]
[Round "2.4"]
[White "Sally, Paul-Adrien"]
[Black "Bourogaa, Younes"]
[Result "1-0"]
[WhiteElo "1979"]
[BlackElo "1877"]
[PlyCount "61"]

1. d4 d5 2. c4 dxc4 3. Nc3 Nf6 4. e3 e6 5. Bxc4 c5 6. Nf3 Nc6 7. O-O Be7 8. a3
O-O 9. Qc2 cxd4 10. Rd1 a6 11. exd4 b5 12. Ba2 Bb7 13. d5 exd5 14. Nxd5 Nxd5
15. Bxd5 Qc7 16. Be3 Bd6 17. Rac1 Rac8 18. Be4 h6 19. Bf5 Rcd8 20. Be4 Rc8 21.
Qe2 Rfe8 22. Bb1 Nd4 23. Nxd4 Bxh2+ 24. Kh1 Qb8 25. Rxc8 Rxc8 26. Qg4 Kh8 27.
Qf5 g6 28. Qf6+ Kg8 29. Qh4 Rc5 30. Nf5 Bc8 31. Rd8+ 1-0

[Event "ChFraOpenB2011"]
[Site "Caen"]
[Date "2011.08.17"]
[Round "2.5"]
[White "Kozlowski, Thierry"]
[Black "Boulade, Olivier"]
[Result "0-1"]
[WhiteElo "1975"]
[BlackElo "1870"]
[PlyCount "92"]

1. Nc3 Nf6 2. e4 d6 3. d4 g6 4. Bg5 Nbd7 5. Qd2 Bg7 6. O-O-O O-O 7. f4 c5 8. d5
a6 9. Nf3 b5 10. Re1 Ne8 11. e5 f6 12. exf6 exf6 13. Bh4 Qa5 14. Kb1 c4 15. f5
Nc5 16. fxg6 hxg6 17. Ne4 Qxd2 18. Nfxd2 Nxe4 19. Nxe4 Bb7 20. Nc3 Rd8 21. a3
Nc7 22. Rd1 g5 23. Bf2 Rde8 24. Bg3 Rd8 25. Bf2 f5 26. Bd4 Bxd4 27. Rxd4 Rde8
28. Kc1 Re5 29. h4 g4 30. a4 Nxd5 31. Nxd5 Bxd5 32. axb5 axb5 33. b3 cxb3 34.
Bxb5 Rc8 35. c4 Bxg2 36. Rh2 Rxb5 37. Rxg2 Rbc5 38. Kb2 Rxc4 39. Rxd6 Rc2+ 40.
Rxc2 bxc2 41. Kc1 Kg7 42. h5 Rc5 43. Rg6+ Kh7 44. Rf6 g3 45. Rg6 f4 46. Rg4 Rf5
0-1

[Event "ChFraOpenB2011"]
[Site "Caen"]
[Date "2011.08.17"]
[Round "2.6"]
[White "Portales, Fabien"]
[Black "Renaux, Osmin"]
[Result "1-0"]
[WhiteElo "1874"]
[BlackElo "1964"]
[PlyCount "57"]

1. d4 c5 2. c3 cxd4 3. cxd4 d5 4. Nc3 Nc6 5. Nf3 Nf6 6. e3 g6 7. Be2 Bg7 8. O-O
O-O 9. Bd2 Ne4 10. Be1 f5 11. Nd2 e5 12. Ndxe4 dxe4 13. dxe5 Nxe5 14. Qb3+ Kh8
15. Rd1 Qg5 16. Kh1 Bd7 17. Nd5 Bc6 18. Bc3 Qh4 19. Nc7 Rae8 20. Nxe8 Rxe8 21.
Bb5 Ng4 22. h3 Be5 23. Bxc6 bxc6 24. Qf7 Rg8 25. Kg1 Bxc3 26. bxc3 Ne5 27. Qxa7
h5 28. Qd4 Re8 29. f4 1-0

[Event "ChFraOpenB2011"]
[Site "Caen"]
[Date "2011.08.17"]
[Round "2.7"]
[White "Aumont, Alexandre"]
[Black "Veys, Vincent"]
[Result "0-1"]
[WhiteElo "1960"]
[BlackElo "1859"]
[PlyCount "57"]

1. d4 Nf6 2. Nf3 e6 3. c4 Bb4+ 4. Bd2 Qe7 5. Qb3 Bxd2+ 6. Nbxd2 O-O 7. e3 d6 8.
Be2 b6 9. O-O Bb7 10. Rac1 Nbd7 11. Qc3 Rfe8 12. Rfd1 e5 13. d5 Rf8 14. e4 Nc5
15. Bd3 Nxd3 16. Qxd3 Nh5 17. Qe3 Bc8 18. Nf1 f5 19. exf5 Bxf5 20. Rd2 Nf4 21.
Ng3 Bg4 22. Ne1 Rf7 23. Nd3 Qg5 24. Ne4 Qg6 25. Rf1 Nxg2 26. Qg3 Qxe4 27. Qxg2
Bf3 28. Qg3 Rf6 29. Re1 0-1

[Event "ChFraOpenB2011"]
[Site "Caen"]
[Date "2011.08.17"]
[Round "2.8"]
[White "Schweitzer, Marc"]
[Black "Le Pen, Steven"]
[Result "1/2-1/2"]
[WhiteElo "1953"]
[BlackElo "1856"]
[PlyCount "109"]

1. d4 Nf6 2. Nf3 g6 3. g3 Bg7 4. Bg2 d5 5. O-O O-O 6. Nbd2 c5 7. e3 Nc6 8. b3
Ne4 9. Bb2 Re8 10. Nxe4 dxe4 11. Ne5 Nxe5 12. dxe5 Bf5 13. Qe2 Qc8 14. Qc4 Qc6
15. a4 g5 16. h3 Red8 17. Rfd1 e6 18. Kh2 Rac8 19. Bc3 h6 20. a5 Kh7 21. Rxd8
Rxd8 22. Ra4 Rd1 23. Qe2 Rd7 24. Qe1 b6 25. axb6 axb6 26. Qa1 Qb7 27. Qh1 Kg8
28. Bxe4 Bxe4 29. Qxe4 Qxe4 30. Rxe4 Rd1 31. Ra4 Rc1 32. Ra2 b5 33. b4 cxb4 34.
Bd4 Kh7 35. Kg2 Kg6 36. g4 h5 37. Ra5 Rxc2 38. Rxb5 hxg4 39. hxg4 Bf8 40. Kf3
Be7 41. e4 Kg7 42. Ke3 Rc8 43. Kd3 Kf8 44. Be3 Ke8 45. Bd2 Rd8+ 46. Ke3 Ra8 47.
Bxb4 Bxb4 48. Rxb4 Ra3+ 49. Kd4 Rf3 50. Rb8+ Ke7 51. Rg8 Rxf2 52. Rxg5 Rf3 53.
Rg7 Kf8 54. Rg5 Rg3 55. Kc4 1/2-1/2

[Event "ChFraOpenB2011"]
[Site "Caen"]
[Date "2011.08.17"]
[Round "2.9"]
[White "Scamps, Guillaume"]
[Black "Maiffret, Patrick"]
[Result "1-0"]
[WhiteElo "1858"]
[BlackElo "1950"]
[PlyCount "51"]

1. d4 d5 2. Nf3 c6 3. c4 Nf6 4. cxd5 cxd5 5. Nc3 Nc6 6. Bf4 Ne4 7. e3 Nxc3 8.
bxc3 g6 9. Bd3 Bg7 10. O-O O-O 11. c4 Nb4 12. cxd5 Nxd3 13. Qxd3 Qxd5 14. e4
Qa5 15. Rfc1 b6 16. Rc7 Ba6 17. Qb3 e6 18. Ne5 Bxe5 19. Bxe5 Rfc8 20. Qf3 f5
21. Rg7+ Kf8 22. Rxh7 Qxa2 23. Rh8+ Kf7 24. Rh7+ Kf8 25. Re1 Qd2 26. Qa3+ 1-0

[Event "ChFraOpenB2011"]
[Site "Caen"]
[Date "2011.08.17"]
[Round "2.10"]
[White "Mamah, Isabelle"]
[Black "Dubois, Pierre"]
[Result "0-1"]
[WhiteElo "1846"]
[BlackElo "1946"]
[PlyCount "74"]

1. e4 e5 2. Nf3 Nc6 3. Bc4 Bc5 4. c3 Nf6 5. d4 exd4 6. cxd4 Bb4+ 7. Bd2 Bxd2+
8. Nbxd2 d5 9. exd5 Nxd5 10. Qb3 Nce7 11. O-O O-O 12. Rfe1 c6 13. a4 a5 14. Ne5
Be6 15. Ne4 b6 16. Ng5 Bf5 17. Nexf7 Rxf7 18. Nxf7 Kxf7 19. Qf3 Kg6 20. h4 Qd7
21. Re5 h5 22. Qg3+ Kh7 23. Qg5 g6 24. Rae1 Ra7 25. Bxd5 Nxd5 26. Re8 Qg7 27.
Qd8 Rf7 28. R1e5 Bd7 29. Qa8 Bxe8 30. Rxe8 Qxd4 31. Qd8 Qxf2+ 32. Kh1 Qf6 33.
Qc8 Qxh4+ 34. Kg1 Qd4+ 35. Kh2 Ne3 36. Qh3 Ng4+ 37. Kg3 Qf2# 0-1

[Event "OpenB"]
[Site "Caen"]
[Date "2011.08.18"]
[Round "3.1"]
[White "Boulade, Olivier"]
[Black "Elice, Florent"]
[Result "1/2-1/2"]
[WhiteElo "1870"]
[BlackElo "1991"]
[PlyCount "47"]

1. d4 d6 2. c4 e5 3. dxe5 dxe5 4. Qxd8+ Kxd8 5. Nf3 f6 6. e4 Be6 7. Nc3 c6 8.
Be3 Nd7 9. O-O-O Kc7 10. Nd2 g5 11. f3 Nh6 12. g4 Nf7 13. h4 h6 14. h5 Nd8 15.
Kc2 Bf7 16. Ndb1 Ne6 17. Ne2 Nf4 18. Nxf4 gxf4 19. Bf2 Be7 20. b3 a5 21. Nc3
Nc5 22. Bxc5 Bxc5 23. Be2 Be3 24. Rd3 1/2-1/2

[Event "OpenB"]
[Site "Caen"]
[Date "2011.08.18"]
[Round "3.2"]
[White "Veys, Vincent"]
[Black "Sally, Paul-Adrien"]
[Result "1-0"]
[WhiteElo "1859"]
[BlackElo "1979"]
[PlyCount "65"]

1. e4 Nf6 2. e5 Nd5 3. d4 d6 4. c4 Nb6 5. exd6 cxd6 6. Nc3 g6 7. Nf3 Bg7 8. Be2
O-O 9. O-O Bg4 10. h3 Bxf3 11. Bxf3 Nc6 12. Bxc6 bxc6 13. Qd3 e6 14. Rd1 Re8
15. Bf4 d5 16. cxd5 cxd5 17. Nb5 Re7 18. b3 a6 19. Nc3 Rea7 20. Rac1 Bf8 21.
Ne2 Ba3 22. Rc6 Nc8 23. Qc3 Ne7 24. Rc7 Rxc7 25. Bxc7 Qd7 26. Qa5 Rc8 27. Bf4
Qb5 28. Qxa3 Qxe2 29. Rd2 Qe4 30. Be5 Nf5 31. Qxa6 Re8 32. Qe2 Qxe2 33. Rxe2
1-0

[Event "OpenB"]
[Site "Caen"]
[Date "2011.08.18"]
[Round "3.3"]
[White "Dubois, Pierre"]
[Black "Portales, Fabien"]
[Result "1-0"]
[WhiteElo "1946"]
[BlackElo "1874"]
[PlyCount "30"]

1. e4 e6 2. d4 d5 3. Nc3 dxe4 4. Nxe4 Nd7 5. Nf3 Ngf6 6. Nxf6+ Nxf6 7. Bd3 Be7
8. Ne5 O-O 9. O-O c5 10. dxc5 Bxc5 11. Bg5 h6 12. Bh4 g5 13. Bg3 Nd5 14. Qh5
Kg7 15. Ng4 Rg8 1-0

[Event "OpenB"]
[Site "Caen"]
[Date "2011.08.18"]
[Round "3.4"]
[White "Noreskal, Slomy"]
[Black "Scamps, Guillaume"]
[Result "0-1"]
[WhiteElo "1937"]
[BlackElo "1858"]
[PlyCount "70"]

1. e4 c5 2. Nf3 Nc6 3. Bb5 g6 4. c3 Bg7 5. O-O Nf6 6. Re1 O-O 7. d4 Qa5 8. Bf1
d6 9. h3 cxd4 10. cxd4 e6 11. Na3 d5 12. e5 Ne4 13. Nc4 dxc4 14. Rxe4 Qd5 15.
Rh4 Nxe5 16. Ng5 h6 17. Ne4 g5 18. Bxg5 Ng6 19. Bxc4 Qxc4 20. Rc1 Qd5 21. Rc5
hxg5 22. Qh5 gxh4 23. Ng5 Rd8 24. Qh7+ Kf8 25. Rxd5 Rxd5 26. Nf3 Bd7 27. Nxh4
Nxh4 28. Qxh4 Rxd4 29. Qg5 Rd5 30. Qh4 Bc6 31. Qb4+ Kg8 32. g4 Rd1+ 33. Kh2
Rad8 34. Kg3 R8d3+ 35. Kh2 Be5+ 0-1

[Event "OpenB"]
[Site "Caen"]
[Date "2011.08.18"]
[Round "3.5"]
[White "Lenoel, Marine"]
[Black "Gautier, Joel"]
[Result "1/2-1/2"]
[WhiteElo "1819"]
[BlackElo "1930"]
[PlyCount "92"]

1. e4 d6 2. d4 Nf6 3. Nc3 Nbd7 4. Nf3 e5 5. dxe5 dxe5 6. Bg5 Be7 7. Bc4 O-O 8.
O-O c6 9. Qe2 b5 10. Bd3 a5 11. a4 b4 12. Nd1 Qc7 13. Ne3 Nc5 14. Nc4 Ncd7 15.
Rad1 Re8 16. Bh4 Bf8 17. b3 g6 18. Bg3 Nh5 19. Qe3 Nxg3 20. hxg3 Bb7 21. Ng5 h6
22. Nh3 Rad8 23. Kh1 Nc5 24. Rfe1 Ba6 25. f3 Rd7 26. Nf2 Red8 27. Ng4 Nxd3 28.
cxd3 Bg7 29. Nf2 Bxc4 30. dxc4 Rd4 31. Kh2 c5 32. Qe2 h5 33. Rxd4 Rxd4 34. Rd1
Qd6 35. Kg1 Bh6 36. Kf1 Bd2 37. g4 h4 38. Rb1 Bc3 39. Rd1 Bd2 40. Rb1 Kg7 41.
Rd1 Qd8 42. Nh3 Be3 43. Ke1 f6 44. Qc2 Kf7 45. Ke2 Qd7 46. Rd3 Bf4 1/2-1/2

[Event "OpenB"]
[Site "Caen"]
[Date "2011.08.18"]
[Round "3.6"]
[White "Hallay, Axel"]
[Black "El Fakkak, Radouan"]
[Result "1-0"]
[WhiteElo "1927"]
[BlackElo "1816"]
[PlyCount "105"]

1. d4 d6 2. e4 Nf6 3. Nc3 g6 4. Be3 Bg7 5. f3 O-O 6. Qd2 e5 7. d5 Re8 8. g4 h5
9. gxh5 Nxh5 10. O-O-O Nd7 11. Nge2 Kh7 12. Ng3 Nf4 13. Nce2 Qf6 14. h4 Nb6 15.
Qc3 Bh6 16. h5 Nxe2+ 17. Bxe2 Bxe3+ 18. Qxe3 g5 19. h6 Qf4 20. Qxf4 exf4 21.
Nh5 Kg6 22. Rdg1 f6 23. Nxf4+ Kf7 24. Nh3 Bxh3 25. Rxh3 Rh8 26. f4 Rag8 27. Bg4
Kf8 28. Be6 Rg6 29. h7 Rg7 30. fxg5 fxg5 31. Bf5 Nc4 32. Rhg3 Rhxh7 33. Bxh7
Rxh7 34. b3 Ne5 35. Rxg5 Kf7 36. Rf5+ Ke7 37. Rf4 b5 38. Kb2 a5 39. Rf2 Kd7 40.
a3 Kc8 41. Rg8+ Kb7 42. Rff8 Nd7 43. Rd8 b4 44. Ra8 Kb6 45. a4 Re7 46. Rgd8 Rf7
47. Kc1 Re7 48. Kd2 Nc5 49. Rdb8+ Nb7 50. Kd3 c5 51. dxc6 Kxc6 52. Ra6+ Kc7 53.
Rxb7+ 1-0

[Event "OpenB"]
[Site "Caen"]
[Date "2011.08.18"]
[Round "3.7"]
[White "Civit, Pierre"]
[Black "Kornmann, Alexandre"]
[Result "1-0"]
[WhiteElo "1922"]
[BlackElo "1816"]
[PlyCount "53"]

1. c4 e5 2. g3 Nc6 3. Bg2 f5 4. Nc3 Nf6 5. e3 Bc5 6. Nge2 d5 7. cxd5 Nb4 8. d4
exd4 9. exd4 Be7 10. Nf4 Bd6 11. O-O Bxf4 12. Qa4+ Kf7 13. Qxb4 Bd6 14. Qb3 Rb8
15. Re1 a6 16. Bd2 h5 17. Bg5 h4 18. Ne2 hxg3 19. hxg3 Rh5 20. Qe3 Qh8 21. Bxf6
gxf6 22. Nf4 Rh2 23. Rac1 Bd7 24. Rxc7 Bxc7 25. Qe7+ Kg8 26. d6 Re8 27. Bd5+
1-0

[Event "OpenB"]
[Site "Caen"]
[Date "2011.08.18"]
[Round "3.8"]
[White "N'Guyen, Emilien"]
[Black "Dutreuil, Raphael"]
[Result "1-0"]
[WhiteElo "1817"]
[BlackElo "1900"]
[PlyCount "57"]

1. d4 Nf6 2. c4 g6 3. Nc3 d5 4. cxd5 Nxd5 5. e4 Nxc3 6. bxc3 c5 7. Be3 Bg7 8.
Rc1 Qa5 9. Qd2 O-O 10. Bd3 Rd8 11. d5 Nd7 12. Nf3 b5 13. c4 b4 14. O-O Nb6 15.
Qc2 Na4 16. Nd2 Bd7 17. Nb3 Qc7 18. f4 e5 19. Qf2 Be8 20. f5 gxf5 21. exf5 f6
22. Bxc5 Nxc5 23. Nxc5 Bh6 24. Ne6 Qb6 25. c5 Qa5 26. Nxd8 Bxc1 27. Ne6 Bh6 28.
Qh4 Bg7 29. Qg3 1-0

[Event "OpenB"]
[Site "Caen"]
[Date "2011.08.18"]
[Round "3.9"]
[White "Collette, Gilles"]
[Black "Demeure, Florian"]
[Result "1/2-1/2"]
[WhiteElo "1895"]
[BlackElo "1807"]
[PlyCount "34"]

1. e4 e6 2. d3 c5 3. Nf3 Nc6 4. g3 d5 5. Nbd2 Nf6 6. Bg2 Be7 7. O-O O-O 8. e5
Nd7 9. Re1 f6 10. exf6 Nxf6 11. Qe2 Bd6 12. c4 Re8 13. Nf1 e5 14. cxd5 Nxd5 15.
Ng5 Nf6 16. Ne3 h6 17. Ne4 Nd4 1/2-1/2

[Event "OpenB"]
[Site "Caen"]
[Date "2011.08.18"]
[Round "3.10"]
[White "Pellegrini, Baptiste"]
[Black "Flick, Antoine"]
[Result "1/2-1/2"]
[WhiteElo "1890"]
[BlackElo "1769"]
[PlyCount "32"]

1. e4 e6 2. d4 d5 3. Nc3 Nf6 4. Bg5 Be7 5. e5 Nfd7 6. h4 Nc6 7. Nf3 Nb6 8. a3
Bd7 9. Bd3 h6 10. Bxe7 Qxe7 11. Qd2 a6 12. Ne2 Na7 13. b3 Bb5 14. Bxb5+ Nxb5
15. a4 Na7 16. c3 a5 1/2-1/2